[Event "GRE-chT Online Rapid (Women) 1st"]
[Site "Tornelo INT"]
[Date "2021.02.21"]
[Round "6.5"]
[White "Alexandri, Vasiliki"]
[Black "Goridari, Artemis"]
[Result "1-0"]
[WhiteElo "1339"]
[BlackElo "1189"]
[PlyCount "93"]
[EventDate "2021.02.20"]
[EventType "team-swiss (rapid)"]
[EventRounds "9"]
[EventCountry "GRE"]
[SourceTitle "EXT 2023"]
[Source "ChessBase"]
[SourceDate "2022.10.05"]
[SourceVersion "1"]
[SourceVersionDate "2022.10.05"]
[SourceQuality "1"]

1. d4 d5 2. c4 e6 3. Nc3 Nf6 4. Bg5 Be7 5. e3 0-0 6. Qc2 h6 7. Bh4 c5 8. dxc5 Bxc5 9. Nf3 Nc6 10. cxd5 exd5 11. Be2 Be6 12. 0-0 Be7 13. Rfd1 Rc8 14. Qd2 Qd7 15. Bxf6 Bxf6 16. Nxd5 Bxd5 17. Qxd5 Qxd5 18. Rxd5 Bxb2 19. Rb1 Bf6 20. Rxb7 a5 21. g3 Rfe8 22. Bb5 Re6 23. Rc5 Bd8 24. Nd4 Nxd4 25. Rxc8 Nxb5 26. Rxb5 Rd6 27. Rbb8 Rd1+ 28. Kg2 Kh7 29. Rxd8 Ra1 30. Rd2 Rc1 31. Rb5 a4 32. Rb4 a3 33. Rb3 Rc7 34. Rxa3 Kg6 35. Rd6+ f6 36. Rad3 Ra7 37. a3 Kh7 38. R6d4 Kg6 39. a4 Kh7 40. Ra3 Kg6 41. a5 Kf7 42. a6 Ke6 43. Rb4 Kd6 44. Rb7 Ra8 45. a7 Kc6 46. Rb8 Rxa7 47. Rxa7 1-0

[Event "GRE-chT Online Rapid (Women) 1st"]
[Site "Tornelo INT"]
[Date "2021.02.21"]
[Round "5.9"]
[White "Goridari, Artemis"]
[Black "Tripolitaki, Eirini"]
[Result "1-0"]
[WhiteElo "1189"]
[BlackElo "1056"]
[PlyCount "115"]
[EventDate "2021.02.20"]
[EventType "team-swiss (rapid)"]
[EventRounds "9"]
[EventCountry "GRE"]
[SourceTitle "EXT 2023"]
[Source "ChessBase"]
[SourceDate "2022.10.05"]
[SourceVersion "1"]
[SourceVersionDate "2022.10.05"]
[SourceQuality "1"]

1. d4 Nf6 2. Bf4 Nc6 3. e3 b6 4. c4 Bb7 5. Nc3 g6 6. h3 Bg7 7. Nf3 e6 8. Be2 0-0 9. 0-0 d5 10. Re1 Kh8 11. Ne5 Nxe5 12. Bxe5 dxc4 13. Bxc4 Ne4 14. Bxg7+ Kxg7 15. Rc1 Qg5 16. Nxe4 Bxe4 17. Qg4 Qxg4 18. hxg4 f5 19. Bxe6 Rf6 20. gxf5 gxf5 21. Rxc7+ Kh6 22. Bb3 Rg6 23. g3 Rg5 24. Kf1 Bd3+ 25. Kg1 Rh5 26. Bf7 Rg5 27. Bd5 Be4 28. Bxa8 Bxa8 29. Kf1 Bf3 30. Rec1 Rh5 31. Ke1 Rh1+ 32. Kd2 Rh2 33. Kc3 Rxf2 34. Rxa7 Re2 35. Kd3 Rxb2 36. Rcc7 Be2+ 37. Kc3 Rb1 38. Rxh7+ Kg5 39. d5 Rd1 40. Rhd7 Rd3+ 41. Kb4 Rxe3 42. Rg7+ Kf6 43. d6 Re4+ 44. Kc3 Bb5 45. Raf7+ Ke5 46. Re7+ Kxd6 47. Rxe4 fxe4 48. Kd4 Bc6 49. g4 Ke6 50. Rg6+ Kd7 51. g5 Ke7 52. Rxc6 Kf7 53. Kxe4 Kg7 54. Kf5 Kg8 55. Kg6 Kf8 56. Kf6 Kg8 57. g6 b5 58. Rc8# 1-0